Sports Quiz

Random Sports or Soccer Quiz

Premier League Stalwarts Quiz Stats

 Plays Quiz Updated Jun 30, 2016

Challenge
Share
Tweet
Embed
Score 0/6 Timer 01:30
13 Plays Today
% Correct
Manchester United
96.3%
Arsenal
95.8%
Chelsea
92.1%
Liverpool
91.8%
Everton
84.3%
Tottenham Hotspur
82.2%

You're not logged in!

Compare scores with friends on all Sporcle quizzes.
OR
Log In

You Might Also Like...

Show Comments

Extras

Top Quizzes Today


Score Distribution

Your Account Isn't Verified!

In order to create a playlist on Sporcle, you need to verify the email address you used during registration. Go to your Sporcle Settings to finish the process.

Report this User

Report this user for behavior that violates our Community Guidelines.

Details: